000 00331nam a2200145Ia 4500
003 OSt
008 191201s2005 xx 000 0 und d
082 _a372.62
_bRIE
100 _aRIZVI, Mashraf
245 0 _aEffective Technical Communication
260 _aNew Delhi
_bTMH
_c2005
300 _a545
650 _aMBA
942 _2ddc
_cBK
999 _c156
_d156